[Event "Deutsche Ländermeisterschaft 2019"]
[Site "Würzburg GER"]
[Date "2019.10.06"]
[Round "7"]
[White "Schmidek, Emil"]
[Black "Sieber, Fiona"]
[Result "1/2-1/2"]
[Termination "unterminated"]
[Board "1.2"]
[WhiteTitle "FM"]
[BlackTitle "WIM"]
[WhiteElo "2387"]
[BlackElo "2228"]
[WhiteClock "00:01:33"]
[BlackClock "00:31:40"]
[WhiteTeam "Berlin"]
[BlackTeam "Sachsen-Anhalt"]
[PlyCount "83"]
[WhiteFideId "12908150"]
[BlackFideId "12902373"]
[EventCountry "GER"]
[EventRounds "7"]
[EventType "team-swiss"]
[EventDate "2019.10.01"]

1. e4 {[%clk 1:30:58]} e5 {[%clk 1:30:56]} 2. Nf3 {[%clk 1:31:18]} Nc6 {[%clk
1:31:20]} 3. Bb5 {[%clk 1:31:44]} a6 {[%clk 1:31:45]} 4. Ba4 {[%clk 1:32:11]}
Nf6 {[%clk 1:32:10]} 5. O-O {[%clk 1:32:37]} Be7 {[%clk 1:32:36]} 6. Re1 {[%clk
1:33:01]} b5 {[%clk 1:33:02]} 7. Bb3 {[%clk 1:33:28]} d6 {[%clk 1:33:28]} 8. c3
{[%clk 1:33:55]} O-O {[%clk 1:33:52]} 9. d3 {[%clk 1:34:21]} Na5 {[%clk
1:34:01]} 10. Bc2 {[%clk 1:34:47]} c5 {[%clk 1:34:06]} 11. Nbd2 {[%clk
1:35:12]} Nc6 {[%clk 1:34:28]} 12. Nf1 {[%clk 1:35:37]} Re8 {[%clk 1:34:19]}
13. h3 {[%clk 1:36:00]} h6 {[%clk 1:34:43]} 14. Ne3 {[%clk 1:36:22]} Bf8 {[%clk
1:32:54]} 15. a4 {[%clk 1:36:44]} Be6 {[%clk 1:27:03]} 16. d4 {[%clk 1:29:06]}
cxd4 {[%clk 1:24:44]} 17. cxd4 {[%clk 1:29:28]} exd4 {[%clk 1:25:10]} 18. Nxd4
{[%clk 1:29:51]} Nxd4 {[%clk 1:25:35]} 19. Qxd4 {[%clk 1:30:16]} Qc7 {[%clk
1:18:16]} 20. Bd3 {[%clk 0:47:42]} d5 {[%clk 1:02:00]} 21. exd5 {[%clk
0:39:03]} Bxd5 {[%clk 1:01:41]} 22. axb5 {[%clk 0:38:45]} axb5 {[%clk 1:01:27]}
23. Bd2 {[%clk 0:28:18]} Bc6 {[%clk 0:58:42]} 24. Rxa8 {[%clk 0:23:58]} Rxa8
{[%clk 0:59:01]} 25. Qc3 {[%clk 0:04:07]} Qb7 {[%clk 0:57:38]} 26. Rc1 {[%clk
0:04:23]} Be4 {[%clk 0:55:32]} 27. Bf1 {[%clk 0:03:17]} Rd8 {[%clk 0:51:21]}
28. Qa5 {[%clk 0:02:54]} Ra8 {[%clk 0:39:14]} 29. Qxb5 {[%clk 0:01:00]} Qxb5
{[%clk 0:39:38]} 30. Bxb5 {[%clk 0:01:29]} Rb8 {[%clk 0:39:55]} 31. Ba4 {[%clk
0:00:56]} Rxb2 {[%clk 0:39:57]} 32. Bc3 {[%clk 0:00:35]} Rb1 {[%clk 0:39:57]}
33. Rxb1 {[%clk 0:00:59]} Bxb1 {[%clk 0:40:26]} 34. Bxf6 {[%clk 0:00:33]} gxf6
{[%clk 0:40:47]} 35. Bc2 {[%clk 0:00:40]} Ba2 {[%clk 0:40:19]} 36. Kf1 {[%clk
0:00:45]} Be6 {[%clk 0:39:55]} 37. Ke2 {[%clk 0:00:40]} Kg7 {[%clk 0:38:34]}
38. Bf5 {[%clk 0:00:49]} Bc5 {[%clk 0:38:25]} 39. Bc2 {[%clk 0:00:38]} f5
{[%clk 0:34:37]} 40. Bxf5 {[%clk 0:00:46]} Bxe3 {[%clk 0:34:50]} 41. Bxe6
{[%clk 0:01:14]} Bc1 {[%clk 0:31:40]} 42. Bc4 {[%clk 0:01:33]} 1/2-1/2

[Event "Deutsche Ländermeisterschaft 2019"]
[Site "Würzburg GER"]
[Date "2019.10.06"]
[Round "7"]
[White "Stockmann, Till"]
[Black "Zhou, Lepu Coco"]
[Result "0-1"]
[Termination "unterminated"]
[Board "1.5"]
[WhiteElo "1884"]
[BlackElo "1739"]
[WhiteClock "00:24:45"]
[BlackClock "01:19:39"]
[WhiteTeam "Sachsen-Anhalt"]
[BlackTeam "Berlin"]
[PlyCount "76"]
[WhiteFideId "12979341"]
[BlackFideId "16217136"]
[EventCountry "GER"]
[EventRounds "7"]
[EventType "team-swiss"]
[EventDate "2019.10.01"]

1. e4 {[%clk 1:30:59]} e5 {[%clk 1:30:55]} 2. Nf3 {[%clk 1:31:21]} Nc6 {[%clk
1:31:16]} 3. Bb5 {[%clk 1:31:28]} a6 {[%clk 1:31:40]} 4. Ba4 {[%clk 1:31:46]}
Nf6 {[%clk 1:32:04]} 5. d4 {[%clk 1:31:32]} exd4 {[%clk 1:30:12]} 6. O-O {[%clk
1:30:59]} Be7 {[%clk 1:29:48]} 7. Re1 {[%clk 1:30:56]} O-O {[%clk 1:29:15]} 8.
e5 {[%clk 1:29:25]} Nd5 {[%clk 1:28:13]} 9. Nxd4 {[%clk 1:26:49]} b5 {[%clk
1:27:27]} 10. Bb3 {[%clk 1:24:46]} Nb6 {[%clk 1:26:47]} 11. Nf5 {[%clk
1:21:43]} d5 {[%clk 1:25:10]} 12. exd6 {[%clk 1:21:08]} Bxf5 {[%clk 1:23:15]}
13. dxe7 {[%clk 1:20:57]} Nxe7 {[%clk 1:23:09]} 14. Qf3 {[%clk 1:20:23]} c5
{[%clk 1:22:13]} 15. Bg5 {[%clk 1:17:17]} Re8 {[%clk 1:20:39]} 16. Bxf7+ {[%clk
1:08:18]} Kxf7 {[%clk 1:20:46]} 17. Rxe7+ {[%clk 1:08:32]} Rxe7 {[%clk
1:20:21]} 18. Qxf5+ {[%clk 1:08:56]} Kg8 {[%clk 1:20:35]} 19. Nc3 {[%clk
1:09:01]} Qd7 {[%clk 1:19:13]} 20. Qxc5 {[%clk 1:04:06]} Re6 {[%clk 1:19:26]}
21. f3 {[%clk 1:03:50]} Nc4 {[%clk 1:19:03]} 22. b3 {[%clk 1:00:31]} Re5 {[%clk
1:19:01]} 23. Qf2 {[%clk 0:59:24]} Rxg5 {[%clk 1:19:21]} 24. bxc4 {[%clk
0:59:42]} bxc4 {[%clk 1:19:42]} 25. Ne4 {[%clk 0:57:55]} Rb5 {[%clk 1:19:14]}
26. c3 {[%clk 0:52:15]} Qa7 {[%clk 1:19:11]} 27. Qxa7 {[%clk 0:50:49]} Rxa7
{[%clk 1:19:35]} 28. Nd6 {[%clk 0:50:07]} Rb2 {[%clk 1:19:40]} 29. Nxc4 {[%clk
0:47:55]} Rc2 {[%clk 1:19:59]} 30. Nd6 {[%clk 0:47:49]} Rxc3 {[%clk 1:19:23]}
31. Rb1 {[%clk 0:47:18]} h6 {[%clk 1:18:42]} 32. h3 {[%clk 0:28:45]} Rc2 {[%clk
1:18:46]} 33. a3 {[%clk 0:28:45]} Rac7 {[%clk 1:19:07]} 34. Rb8+ {[%clk
0:26:58]} Kh7 {[%clk 1:19:10]} 35. Ra8 {[%clk 0:26:48]} Ra2 {[%clk 1:18:40]}
36. Rxa6 {[%clk 0:25:48]} Rcc2 {[%clk 1:18:58]} 37. Rb6 {[%clk 0:25:05]} Rxg2+
{[%clk 1:19:19]} 38. Kh1 {[%clk 0:24:45]} Rgd2 {[%clk 1:19:39]} 0-1

[Event "Deutsche Ländermeisterschaft 2019"]
[Site "Würzburg GER"]
[Date "2019.10.06"]
[Round "7"]
[White "Ermitsch, Magnus"]
[Black "Dietz, Kristin"]
[Result "1-0"]
[Termination "unterminated"]
[Board "1.6"]
[WhiteElo "1671"]
[BlackElo "1948"]
[WhiteClock "00:40:45"]
[BlackClock "00:38:27"]
[WhiteTeam "Berlin"]
[BlackTeam "Sachsen-Anhalt"]
[PlyCount "63"]
[WhiteFideId "16234464"]
[BlackFideId "12993743"]
[EventCountry "GER"]
[EventRounds "7"]
[EventType "team-swiss"]
[EventDate "2019.10.01"]

1. e4 {[%clk 1:30:52]} c5 {[%clk 1:30:54]} 2. Nf3 {[%clk 1:30:35]} e6 {[%clk
1:31:12]} 3. d4 {[%clk 1:30:34]} cxd4 {[%clk 1:31:29]} 4. Nxd4 {[%clk 1:30:22]}
a6 {[%clk 1:31:47]} 5. Bd3 {[%clk 1:29:25]} g6 {[%clk 1:31:52]} 6. O-O {[%clk
1:22:58]} Bg7 {[%clk 1:32:08]} 7. Nb3 {[%clk 1:21:49]} Nc6 {[%clk 1:32:05]} 8.
f4 {[%clk 1:19:35]} Nge7 {[%clk 1:30:28]} 9. f5 {[%clk 1:17:53]} Ng8 {[%clk
1:19:43]} 10. Bf4 {[%clk 1:07:49]} e5 {[%clk 1:19:16]} 11. Be3 {[%clk 1:05:03]}
Nf6 {[%clk 1:18:30]} 12. fxg6 {[%clk 1:01:39]} hxg6 {[%clk 1:17:21]} 13. Bg5
{[%clk 1:01:11]} Qb6+ {[%clk 1:08:17]} 14. Kh1 {[%clk 1:01:23]} Nh5 {[%clk
1:08:02]} 15. Qf3 {[%clk 0:59:08]} f6 {[%clk 1:07:47]} 16. Be3 {[%clk 0:57:37]}
Nd4 {[%clk 1:05:49]} 17. Bxd4 {[%clk 0:52:05]} exd4 {[%clk 1:06:12]} 18. N1d2
{[%clk 0:50:59]} Qc7 {[%clk 1:05:37]} 19. e5 {[%clk 0:49:10]} f5 {[%clk
1:05:49]} 20. Nc4 {[%clk 0:46:30]} O-O {[%clk 1:02:39]} 21. g4 {[%clk 0:42:57]}
b5 {[%clk 0:40:55]} 22. Nd6 {[%clk 0:43:04]} Qc6 {[%clk 0:40:34]} 23. Qxc6
{[%clk 0:42:46]} dxc6 {[%clk 0:40:58]} 24. Nxc8 {[%clk 0:42:48]} Raxc8 {[%clk
0:41:15]} 25. gxh5 {[%clk 0:42:47]} Bxe5 {[%clk 0:40:16]} 26. hxg6 {[%clk
0:41:10]} f4 {[%clk 0:40:38]} 27. Rae1 {[%clk 0:40:01]} Bg7 {[%clk 0:40:49]}
28. Nc5 {[%clk 0:40:17]} a5 {[%clk 0:39:39]} 29. Ne6 {[%clk 0:40:17]} Rf6
{[%clk 0:38:53]} 30. Nxg7 {[%clk 0:40:36]} Kxg7 {[%clk 0:39:17]} 31. Re7+
{[%clk 0:40:45]} Kh6 {[%clk 0:38:27]} 32. Rh7+ 1-0

[Event "Deutsche Ländermeisterschaft 2019"]
[Site "Würzburg GER"]
[Date "2019.10.06"]
[Round "7"]
[White "Haubold, Sebastian Marcel"]
[Black "Schnabel, Luise"]
[Result "1-0"]
[Termination "unterminated"]
[Board "1.7"]
[WhiteElo "1585"]
[BlackElo "1900"]
[WhiteClock "00:32:39"]
[BlackClock "00:13:05"]
[WhiteTeam "Sachsen-Anhalt"]
[BlackTeam "Berlin"]
[PlyCount "119"]
[WhiteFideId "16259637"]
[BlackFideId "12943347"]
[EventCountry "GER"]
[EventRounds "7"]
[EventType "team-swiss"]
[EventDate "2019.10.01"]

1. e4 {[%clk 1:30:55]} Nf6 {[%clk 1:30:52]} 2. e5 {[%clk 1:30:49]} Nd5 {[%clk
1:31:07]} 3. c4 {[%clk 1:30:43]} Nb6 {[%clk 1:31:18]} 4. d4 {[%clk 1:30:13]} d6
{[%clk 1:31:40]} 5. f4 {[%clk 1:29:39]} dxe5 {[%clk 1:32:01]} 6. fxe5 {[%clk
1:30:01]} Bf5 {[%clk 1:32:20]} 7. Be3 {[%clk 1:25:33]} e6 {[%clk 1:30:37]} 8.
Nc3 {[%clk 1:20:56]} Bb4 {[%clk 1:29:43]} 9. Be2 {[%clk 1:15:02]} c5 {[%clk
1:27:50]} 10. Nf3 {[%clk 1:11:18]} Nc6 {[%clk 1:20:19]} 11. O-O {[%clk
1:08:22]} Bxc3 {[%clk 1:09:34]} 12. bxc3 {[%clk 1:06:54]} Rc8 {[%clk 1:01:33]}
13. Qd2 {[%clk 1:01:35]} Na5 {[%clk 0:53:29]} 14. dxc5 {[%clk 0:57:51]} Qxd2
{[%clk 0:46:36]} 15. Nxd2 {[%clk 0:57:33]} Nd7 {[%clk 0:42:48]} 16. Nb3 {[%clk
0:55:32]} Nxb3 {[%clk 0:37:40]} 17. axb3 {[%clk 0:55:46]} a6 {[%clk 0:34:33]}
18. b4 {[%clk 0:51:15]} Nxe5 {[%clk 0:31:56]} 19. Bd4 {[%clk 0:49:52]} f6
{[%clk 0:29:30]} 20. Bxe5 {[%clk 0:48:27]} fxe5 {[%clk 0:29:53]} 21. Rad1
{[%clk 0:47:57]} Ke7 {[%clk 0:27:13]} 22. Rfe1 {[%clk 0:45:33]} e4 {[%clk
0:21:23]} 23. Rd6 {[%clk 0:43:46]} Rhd8 {[%clk 0:19:52]} 24. Red1 {[%clk
0:40:12]} Bg6 {[%clk 0:15:32]} 25. Bg4 {[%clk 0:39:10]} Bf5 {[%clk 0:14:36]}
26. Bxf5 {[%clk 0:38:35]} exf5 {[%clk 0:14:59]} 27. Kf2 {[%clk 0:38:32]} Rxd6
{[%clk 0:13:07]} 28. Rxd6 {[%clk 0:38:03]} Rd8 {[%clk 0:05:51]} 29. Rb6 {[%clk
0:36:34]} Rd3 {[%clk 0:05:26]} 30. Rxb7+ {[%clk 0:36:57]} Kd8 {[%clk 0:05:39]}
31. b5 {[%clk 0:32:26]} axb5 {[%clk 0:05:33]} 32. cxb5 {[%clk 0:32:43]} Rxc3
{[%clk 0:05:35]} 33. c6 {[%clk 0:32:49]} Rc5 {[%clk 0:05:19]} 34. Ke3 {[%clk
0:31:02]} g5 {[%clk 0:02:42]} 35. g3 {[%clk 0:29:43]} h6 {[%clk 0:02:25]} 36.
Kd4 {[%clk 0:28:43]} Rc2 {[%clk 0:02:33]} 37. Rd7+ {[%clk 0:27:37]} Kc8 {[%clk
0:02:47]} 38. Ke5 {[%clk 0:21:49]} e3 {[%clk 0:02:25]} 39. Rd3 {[%clk 0:22:03]}
e2 {[%clk 0:02:06]} 40. Re3 {[%clk 0:22:22]} Kc7 {[%clk 0:01:00]} 41. Kxf5
{[%clk 0:18:48]} Rc5+ {[%clk 0:26:56]} 42. Kg6 {[%clk 0:48:47]} Rxb5 {[%clk
0:25:51]} 43. Rxe2 {[%clk 0:47:10]} Kxc6 {[%clk 0:23:49]} 44. Kxh6 {[%clk
0:46:25]} Kd6 {[%clk 0:20:24]} 45. Kg6 {[%clk 0:36:58]} Rc5 {[%clk 0:17:48]}
46. Kh5 {[%clk 0:35:44]} Rb5 {[%clk 0:15:35]} 47. Kg4 {[%clk 0:36:01]} Kd7
{[%clk 0:15:05]} 48. h4 {[%clk 0:34:13]} gxh4 {[%clk 0:14:00]} 49. Kxh4 {[%clk
0:34:38]} Rb1 {[%clk 0:12:18]} 50. g4 {[%clk 0:34:48]} Rg1 {[%clk 0:12:15]} 51.
Kh5 {[%clk 0:34:55]} Rh1+ {[%clk 0:12:21]} 52. Kg6 {[%clk 0:35:14]} Rg1 {[%clk
0:12:23]} 53. g5 {[%clk 0:35:32]} Rg3 {[%clk 0:12:37]} 54. Kh6 {[%clk 0:35:50]}
Rh3+ {[%clk 0:12:33]} 55. Kg7 {[%clk 0:36:10]} Rg3 {[%clk 0:12:49]} 56. g6
{[%clk 0:36:25]} Rg1 {[%clk 0:12:58]} 57. Kh7 {[%clk 0:33:57]} Rh1+ {[%clk
0:13:05]} 58. Kg8 {[%clk 0:33:58]} Rg1 {[%clk 0:13:05]} 59. g7 {[%clk 0:32:34]}
Rg3 {[%clk 0:13:05]} 60. Rh2 {[%clk 0:32:39]} 1-0

[Event "Deutsche Ländermeisterschaft 2019"]
[Site "Würzburg GER"]
[Date "2019.10.06"]
[Round "7"]
[White "Wiesner, Paula"]
[Black "Voigt, Anastasia"]
[Result "1-0"]
[Termination "unterminated"]
[Board "1.8"]
[WhiteElo "1958"]
[BlackElo "1457"]
[WhiteClock "00:32:26"]
[BlackClock "00:43:08"]
[WhiteTeam "Berlin"]
[BlackTeam "Sachsen-Anhalt"]
[PlyCount "51"]
[WhiteFideId "24654019"]
[BlackFideId "16235223"]
[EventCountry "GER"]
[EventRounds "7"]
[EventType "team-swiss"]
[EventDate "2019.10.01"]

1. d4 {[%clk 1:30:59]} d5 {[%clk 1:30:55]} 2. c4 {[%clk 1:31:26]} e6 {[%clk
1:31:20]} 3. Nc3 {[%clk 1:31:34]} Nf6 {[%clk 1:31:42]} 4. cxd5 {[%clk 1:31:59]}
exd5 {[%clk 1:32:02]} 5. Bg5 {[%clk 1:32:23]} Be7 {[%clk 1:32:18]} 6. e3 {[%clk
1:32:48]} c6 {[%clk 1:32:40]} 7. Qc2 {[%clk 1:33:11]} O-O {[%clk 1:32:48]} 8.
Bd3 {[%clk 1:33:36]} Nbd7 {[%clk 1:33:09]} 9. Nge2 {[%clk 1:33:54]} Re8 {[%clk
1:33:17]} 10. O-O {[%clk 1:34:17]} Nf8 {[%clk 1:31:44]} 11. f3 {[%clk 1:30:22]}
b6 {[%clk 1:27:46]} 12. Rad1 {[%clk 1:27:09]} Bb7 {[%clk 1:21:40]} 13. e4
{[%clk 1:20:34]} dxe4 {[%clk 1:12:06]} 14. fxe4 {[%clk 1:20:48]} Rc8 {[%clk
1:11:04]} 15. Bc4 {[%clk 1:13:14]} Ne6 {[%clk 1:05:09]} 16. Bxf6 {[%clk
0:55:21]} Bxf6 {[%clk 1:04:27]} 17. e5 {[%clk 0:55:44]} Bg5 {[%clk 1:02:08]}
18. Qf5 {[%clk 0:55:07]} Qe7 {[%clk 0:59:56]} 19. Ne4 {[%clk 0:52:59]} Rcd8
{[%clk 0:56:22]} 20. Nd6 {[%clk 0:50:26]} Rxd6 {[%clk 0:55:54]} 21. exd6 {[%clk
0:50:17]} Qd7 {[%clk 0:55:40]} 22. Kh1 {[%clk 0:47:02]} Bf6 {[%clk 0:54:56]}
23. Nf4 {[%clk 0:40:20]} Nc5 {[%clk 0:46:37]} 24. Bxf7+ {[%clk 0:34:47]} Qxf7
{[%clk 0:44:46]} 25. dxc5 {[%clk 0:35:12]} Re5 {[%clk 0:43:08]} 26. Qxe5 {[%clk
0:32:26]} 1-0

[Event "Deutsche Ländermeisterschaft 2019"]
[Site "Würzburg GER"]
[Date "2019.10.06"]
[Round "7"]
[White "Stelmaszyk, Nico"]
[Black "Kololli, Martin"]
[Result "0-1"]
[Termination "unterminated"]
[Board "2.3"]
[BlackTitle "FM"]
[WhiteElo "2190"]
[BlackElo "2310"]
[WhiteClock "00:01:15"]
[BlackClock "00:16:47"]
[WhiteTeam "Niedersachsen"]
[BlackTeam "Schleswig-Holstein"]
[PlyCount "66"]
[WhiteFideId "16200462"]
[BlackFideId "12936910"]
[EventCountry "GER"]
[EventRounds "7"]
[EventType "team-swiss"]
[EventDate "2019.10.01"]

1. e4 {[%clk 1:30:58]} c5 {[%clk 1:30:50]} 2. Nf3 {[%clk 1:30:55]} g6 {[%clk
1:31:09]} 3. d3 {[%clk 1:24:18]} Bg7 {[%clk 1:29:35]} 4. Nc3 {[%clk 1:24:40]}
d6 {[%clk 1:28:46]} 5. g3 {[%clk 1:24:49]} Nc6 {[%clk 1:27:29]} 6. Bg2 {[%clk
1:25:13]} Nf6 {[%clk 1:26:20]} 7. O-O {[%clk 1:25:00]} O-O {[%clk 1:26:39]} 8.
Bg5 {[%clk 1:23:08]} h6 {[%clk 1:24:41]} 9. Bd2 {[%clk 1:18:14]} Rb8 {[%clk
1:15:54]} 10. Nh4 {[%clk 1:15:46]} b5 {[%clk 1:11:39]} 11. f4 {[%clk 1:14:19]}
Bg4 {[%clk 1:11:23]} 12. Bf3 {[%clk 1:07:34]} Bxf3 {[%clk 1:08:56]} 13. Nxf3
{[%clk 1:07:40]} b4 {[%clk 1:04:28]} 14. Ne2 {[%clk 1:05:19]} Qc8 {[%clk
0:59:19]} 15. Qc1 {[%clk 0:58:17]} Kh7 {[%clk 0:55:41]} 16. c4 {[%clk 0:44:46]}
bxc3 {[%clk 0:55:32]} 17. Bxc3 {[%clk 0:44:50]} Qa6 {[%clk 0:51:14]} 18. Qd2
{[%clk 0:39:09]} c4 {[%clk 0:41:53]} 19. e5 {[%clk 0:31:23]} dxe5 {[%clk
0:40:30]} 20. fxe5 {[%clk 0:31:31]} cxd3 {[%clk 0:38:41]} 21. exf6 {[%clk
0:28:26]} dxe2 {[%clk 0:39:04]} 22. fxg7 {[%clk 0:08:49]} exf1=Q+ {[%clk
0:39:12]} 23. Rxf1 {[%clk 0:09:12]} Rg8 {[%clk 0:25:15]} 24. Qd7 {[%clk
0:03:09]} Qb6+ {[%clk 0:21:55]} 25. Kh1 {[%clk 0:02:20]} Qc5 {[%clk 0:21:19]}
26. Qh3 {[%clk 0:01:25]} f6 {[%clk 0:19:51]} 27. Bd2 {[%clk 0:01:38]} h5 {[%clk
0:19:36]} 28. g4 {[%clk 0:00:53]} Rxg7 {[%clk 0:19:00]} 29. Rc1 {[%clk
0:00:31]} Qd5 {[%clk 0:19:09]} 30. gxh5 {[%clk 0:00:50]} gxh5 {[%clk 0:18:11]}
31. Rxc6 {[%clk 0:00:34]} Qxc6 {[%clk 0:16:26]} 32. Qxh5+ {[%clk 0:00:57]} Kg8
{[%clk 0:16:52]} 33. Bh6 {[%clk 0:01:15]} Rb5 {[%clk 0:16:47]} 0-1

[Event "Deutsche Ländermeisterschaft 2019"]
[Site "Würzburg GER"]
[Date "2019.10.06"]
[Round "7"]
[White "Mönster, Madita"]
[Black "Farokhi, Keyvan"]
[Result "0-1"]
[Termination "unterminated"]
[Board "2.5"]
[WhiteElo "2004"]
[BlackElo "2018"]
[WhiteClock "00:02:33"]
[BlackClock "01:16:03"]
[WhiteTeam "Niedersachsen"]
[BlackTeam "Schleswig-Holstein"]
[PlyCount "106"]
[WhiteFideId "12947156"]
[BlackFideId "12998630"]
[EventCountry "GER"]
[EventRounds "7"]
[EventType "team-swiss"]
[EventDate "2019.10.01"]

1. e4 {[%clk 1:30:57]} e5 {[%clk 1:30:50]} 2. Nf3 {[%clk 1:31:15]} Nc6 {[%clk
1:31:13]} 3. Bb5 {[%clk 1:31:39]} a6 {[%clk 1:31:38]} 4. Ba4 {[%clk 1:32:05]}
Nf6 {[%clk 1:32:02]} 5. O-O {[%clk 1:32:28]} Be7 {[%clk 1:32:28]} 6. Re1 {[%clk
1:32:52]} b5 {[%clk 1:32:53]} 7. Bb3 {[%clk 1:33:16]} O-O {[%clk 1:33:19]} 8.
c3 {[%clk 1:33:36]} d5 {[%clk 1:33:44]} 9. exd5 {[%clk 1:33:28]} Nxd5 {[%clk
1:34:12]} 10. Nxe5 {[%clk 1:32:54]} Nxe5 {[%clk 1:34:39]} 11. Rxe5 {[%clk
1:33:18]} c6 {[%clk 1:35:03]} 12. d3 {[%clk 1:32:02]} Bd6 {[%clk 1:35:27]} 13.
Re1 {[%clk 1:31:44]} Bf5 {[%clk 1:35:50]} 14. Nd2 {[%clk 1:25:44]} Nf4 {[%clk
1:36:10]} 15. Nf3 {[%clk 1:08:06]} Nxd3 {[%clk 1:33:38]} 16. Re2 {[%clk
1:07:21]} Qc7 {[%clk 1:29:01]} 17. h3 {[%clk 0:58:10]} Rad8 {[%clk 1:28:01]}
18. Qf1 {[%clk 0:43:39]} Nxc1 {[%clk 1:24:29]} 19. Qxc1 {[%clk 0:42:19]} Bd3
{[%clk 1:23:58]} 20. Re1 {[%clk 0:38:24]} Bf4 {[%clk 1:24:19]} 21. Qd1 {[%clk
0:37:44]} c5 {[%clk 1:23:54]} 22. Bc2 {[%clk 0:36:22]} Bc4 {[%clk 1:08:49]} 23.
Qb1 {[%clk 0:36:31]} g6 {[%clk 1:09:10]} 24. b3 {[%clk 0:32:18]} Bd5 {[%clk
1:09:33]} 25. Be4 {[%clk 0:32:00]} Be6 {[%clk 1:09:52]} 26. Qb2 {[%clk
0:31:13]} f5 {[%clk 1:09:46]} 27. Bc2 {[%clk 0:28:02]} Bd5 {[%clk 1:09:14]} 28.
Bd1 {[%clk 0:27:03]} Qg7 {[%clk 1:05:36]} 29. b4 {[%clk 0:13:08]} Bxf3 {[%clk
1:03:58]} 30. Bxf3 {[%clk 0:13:23]} Bd2 {[%clk 1:04:13]} 31. bxc5 {[%clk
0:04:54]} Qxc3 {[%clk 0:58:40]} 32. Qb3+ {[%clk 0:01:29]} Qxb3 {[%clk 0:58:58]}
33. axb3 {[%clk 0:01:55]} Bxe1 {[%clk 0:59:19]} 34. Rxe1 {[%clk 0:02:20]} Rc8
{[%clk 0:50:39]} 35. c6 {[%clk 0:01:39]} Rc7 {[%clk 0:50:21]} 36. Rd1 {[%clk
0:01:26]} a5 {[%clk 0:50:18]} 37. Rd4 {[%clk 0:01:00]} Ra8 {[%clk 0:50:19]} 38.
Rd7 {[%clk 0:00:57]} Rxd7 {[%clk 0:50:29]} 39. cxd7 {[%clk 0:01:23]} Rd8 {[%clk
0:45:38]} 40. Bc6 {[%clk 0:01:45]} b4 {[%clk 0:46:03]} 41. Kf1 {[%clk 0:00:40]}
Kf7 {[%clk 0:46:21]} 42. Ke2 {[%clk 0:28:34]} Ke7 {[%clk 1:16:46]} 43. Ke3
{[%clk 0:26:17]} Rxd7 {[%clk 1:15:57]} 44. h4 {[%clk 0:13:35]} Rd6 {[%clk
1:15:59]} 45. Bb5 {[%clk 0:10:40]} Kf6 {[%clk 1:15:29]} 46. f4 {[%clk 0:06:37]}
h6 {[%clk 1:15:48]} 47. Kf3 {[%clk 0:05:56]} Rd2 {[%clk 1:15:07]} 48. g4 {[%clk
0:04:20]} fxg4+ {[%clk 1:15:17]} 49. Kxg4 {[%clk 0:04:43]} Rb2 {[%clk 1:14:59]}
50. Ba4 {[%clk 0:04:40]} Ra2 {[%clk 1:15:16]} 51. Bb5 {[%clk 0:02:57]} Ra3
{[%clk 1:15:39]} 52. Bc4 {[%clk 0:03:02]} a4 {[%clk 1:16:03]} 53. bxa4 {[%clk
0:02:33]} h5# 0-1

[Event "Deutsche Ländermeisterschaft 2019"]
[Site "Würzburg GER"]
[Date "2019.10.06"]
[Round "7"]
[White "Rempe, Jonas"]
[Black "Brunner, Sophia"]
[Result "1/2-1/2"]
[Termination "unterminated"]
[Board "2.6"]
[WhiteElo "1816"]
[BlackElo "1968"]
[WhiteClock "01:19:23"]
[BlackClock "00:14:19"]
[WhiteTeam "Schleswig-Holstein"]
[BlackTeam "Niedersachsen"]
[PlyCount "118"]
[WhiteFideId "16202406"]
[BlackFideId "12960683"]
[EventCountry "GER"]
[EventRounds "7"]
[EventType "team-swiss"]
[EventDate "2019.10.01"]

1. e4 {[%clk 1:30:47]} e6 {[%clk 1:30:52]} 2. d4 {[%clk 1:31:13]} d5 {[%clk
1:31:08]} 3. exd5 {[%clk 1:31:36]} exd5 {[%clk 1:31:33]} 4. Nf3 {[%clk
1:32:00]} Bd6 {[%clk 1:31:56]} 5. c4 {[%clk 1:32:14]} Nf6 {[%clk 1:32:14]} 6.
Bd3 {[%clk 1:32:09]} dxc4 {[%clk 1:32:37]} 7. Bxc4 {[%clk 1:32:27]} O-O {[%clk
1:32:53]} 8. O-O {[%clk 1:32:28]} Nc6 {[%clk 1:33:12]} 9. Bg5 {[%clk 1:30:46]}
h6 {[%clk 1:33:27]} 10. Bh4 {[%clk 1:31:00]} Bg4 {[%clk 1:33:46]} 11. Be2
{[%clk 1:28:48]} g5 {[%clk 1:23:29]} 12. Bg3 {[%clk 1:28:46]} Bxg3 {[%clk
1:23:39]} 13. fxg3 {[%clk 1:24:31]} Bxf3 {[%clk 1:22:54]} 14. Bxf3 {[%clk
1:24:34]} Qxd4+ {[%clk 1:06:39]} 15. Qxd4 {[%clk 1:24:34]} Nxd4 {[%clk
1:07:04]} 16. Nc3 {[%clk 1:24:42]} Nxf3+ {[%clk 1:06:24]} 17. gxf3 {[%clk
1:22:11]} c6 {[%clk 1:02:14]} 18. Rfe1 {[%clk 1:21:56]} Rfe8 {[%clk 1:02:15]}
19. Rad1 {[%clk 1:21:51]} Rxe1+ {[%clk 1:02:28]} 20. Rxe1 {[%clk 1:22:13]} Kf8
{[%clk 0:59:16]} 21. Rd1 {[%clk 1:22:30]} Ke7 {[%clk 0:58:55]} 22. Kf2 {[%clk
1:21:02]} Rd8 {[%clk 0:58:59]} 23. Re1+ {[%clk 1:19:30]} Kd7 {[%clk 0:58:29]}
24. Re2 {[%clk 1:18:05]} Re8 {[%clk 0:54:24]} 25. Rd2+ {[%clk 1:18:02]} Kc7
{[%clk 0:54:47]} 26. Kf1 {[%clk 1:15:49]} Nd7 {[%clk 0:48:13]} 27. Kf2 {[%clk
1:11:55]} Nb6 {[%clk 0:47:20]} 28. b3 {[%clk 1:12:11]} Rd8 {[%clk 0:39:33]} 29.
Rc2 {[%clk 1:12:31]} Nd5 {[%clk 0:33:52]} 30. Nxd5+ {[%clk 1:11:32]} Rxd5
{[%clk 0:34:16]} 31. Ke3 {[%clk 1:11:53]} Kd6 {[%clk 0:30:18]} 32. Ke2 {[%clk
1:06:34]} Ke5 {[%clk 0:29:42]} 33. Ke3 {[%clk 1:06:56]} f5 {[%clk 0:27:55]} 34.
Rc3 {[%clk 0:58:35]} f4+ {[%clk 0:23:23]} 35. gxf4+ {[%clk 0:58:44]} gxf4+
{[%clk 0:23:47]} 36. Ke2 {[%clk 0:59:06]} Kf5 {[%clk 0:20:19]} 37. Rc4 {[%clk
0:58:46]} Kg5 38. Rd4 {[%clk 0:55:10]} Kf5 {[%clk 0:15:14]} 39. Rc4 {[%clk
0:55:31]} Ra5 {[%clk 0:12:46]} 40. a4 {[%clk 0:55:42]} Re5+ {[%clk 0:12:34]}
41. Kf2 {[%clk 0:55:37]} Re3 {[%clk 0:07:28]} 42. b4 {[%clk 0:49:30]} Ra3
{[%clk 0:28:34]} 43. a5 {[%clk 1:19:28]} Ra2+ {[%clk 0:27:19]} 44. Kg1 {[%clk
1:19:48]} Re2 {[%clk 0:27:03]} 45. a6 {[%clk 1:19:31]} Re7 {[%clk 0:21:14]} 46.
Rc5+ {[%clk 1:19:47]} Kg6 {[%clk 0:21:00]} 47. axb7 {[%clk 1:20:00]} Rxb7
{[%clk 0:21:26]} 48. Rxc6+ {[%clk 1:20:24]} Kg5 49. Rc5+ Kf6 {[%clk 0:19:36]}
50. Rc6+ {[%clk 1:18:46]} Ke5 {[%clk 0:15:05]} 51. Rxh6 {[%clk 1:16:58]} Rxb4
{[%clk 0:15:33]} 52. Ra6 {[%clk 1:17:27]} Rb7 {[%clk 0:15:53]} 53. Ra4 {[%clk
1:17:54]} Rg7+ {[%clk 0:15:47]} 54. Kf2 {[%clk 1:18:14]} Kf5 {[%clk 0:14:58]}
55. Ra5+ {[%clk 1:18:37]} Kf6 {[%clk 0:15:07]} 56. Ra6+ {[%clk 1:18:35]} Kg5
57. Ra5+ Kf6 {[%clk 0:14:13]} 58. Ra6+ {[%clk 1:19:04]} Ke5 {[%clk 0:14:19]}
59. Ra5+ {[%clk 1:19:23]} Kf6 1/2-1/2